A Pirate's Favorite Quiz Stats

 Plays Quiz Updated Jun 18, 2017

Challenge
Share
Tweet
Embed
Score 0/56 Timer 09:00
0 Plays Today
Category Answer % Correct
U.S. StatesARRRkansas
88.3%
Periodic TableARRRgon
67.9%
U.S. StatesARRRizona
67.8%
Ivy LeagueHARRRvARRRd University
66%
Oscar Best Pictures (1983-Present)ARRRgo
65.5%
Countries of South AmericaARRRgentina
63.5%
Categories of this QuizPixARRR Movies
50.4%
U.S. StatesNorth CARRRolina
49.7%
U.S. StatesSouth CARRRolina
49.6%
Categories of this QuizOscARRR Best Pictures (1983-Present)
47.1%
Disney PrincessesARRRiel
45.3%
Pixar MoviesCARRRs
44.6%
Countries of South AmericaPARRRaguay
43.7%
U.S. StatesMARRRyland
41.7%
U.S. Presidents (Last Name)Jimmy CARRRter
40.6%
Pixar MoviesCARRRs 2
37.5%
Categories of this Quiz60 Most PopulARRR Boy Names
37.3%
U.S. StatesDelawARRRe
35.7%
Greek GodsARRRes
34%
Pixar MoviesCARRRs 3
33.7%
U.S. Presidents (Last Name)Chester ARRRthur
31.8%
Ivy LeagueDARRRtmouth College
29.8%
Countries of AsiaARRRmenia
29.6%
Countries of EuropeDenmARRRk
28.2%
U.S. Presidents (Last Name)William HARRRison
28%
U.S. Presidents (Last Name)Benjamin HARRRison
28%
Countries of North AmericaNicARRRagua
27.8%
U.S. Presidents (Last Name)James GARRRfield
26.7%
Category Answer % Correct
Periodic TableCARRRbon
26.5%
Countries of EuropeHungARRRy
26%
Greek GodsARRRtemis
21.4%
Countries of EuropeBulgARRRia
21.3%
Countries of North AmericaBARRRbados
19.9%
Countries of AsiaSaudi ARRRabia
19.8%
U.S. Presidents (Last Name)WARRRen HARRRding
19.7%
Countries of AsiaMyanmARRR
19.3%
60 Most Popular Boy NamesAARRRon
19.3%
Countries of EuropeBelARRRus
19.2%
Countries of AfricaMadagascARRR
17.7%
Periodic TableARRRsenic
17.2%
Countries of EuropeSan MARRRino
16.1%
Countries of North AmericaAntigua and BARRRbuda
15.1%
Countries of AsiaQatARRR
14.6%
Periodic TableBARRRium
13.9%
Countries of AsiaUnited ARRRab Emirates
13.2%
Oscar Best Pictures (1983-Present)The ARRRtist
12.2%
60 Most Popular Boy NamesChARRRles
8.2%
Oscar Best Pictures (1983-Present)12 YeARRRs a Slave
7.9%
Oscar Best Pictures (1983-Present)The DepARRRted
6.7%
Oscar Best Pictures (1983-Present)BraveheARRRt
5.5%
Oscar Best Pictures (1983-Present)ShakespeARRRe in Love
5.4%
Oscar Best Pictures (1983-Present)Million DollARRR Baby
5.1%
Oscar Best Pictures (1983-Present)Terms of EndeARRRment
4.2%
Periodic TableSamARRRium
3.4%
Periodic TableDARRRmstadtium
3.2%
60 Most Popular Boy NamesZachARRRy
2.5%

You're not logged in!

Compare scores with friends on all Sporcle quizzes.
Join for Free
OR
Log In

You Might Also Like...

Show Comments

Extras

Top Quizzes Today


Score Distribution

Your Account Isn't Verified!

In order to create a playlist on Sporcle, you need to verify the email address you used during registration. Go to your Sporcle Settings to finish the process.

Report this User

Report this user for behavior that violates our Community Guidelines.

Details: